Vista normal
Vista MARC
Entrada Topical Term
Número de registros utilizados en: 1
001 - CONTROL NUMBER
- control field: 38129
003 - CONTROL NUMBER IDENTIFIER
- control field: OSt
005 - DATE AND TIME OF LATEST TRANSACTION
- control field: 20210604111726.0
008 - FIXED-LENGTH DATA ELEMENTS
- fixed length control field: 210604|| aca||aabn | a|a d
040 ## - CATALOGING SOURCE
- Original cataloging agency: OSt
- Transcribing agency: OSt
150 ## - HEADING--TOPICAL TERM
- Topical term or geographic name entry element: Contrato laboral
670 ## - SOURCE DATA FOUND
- Source citation: Work cat.: (OSt)11882: Becerra Toro, Rodrigo. autor 38128, El contrato individual de trabajo /, 1983.